| 000 | 00462nam a22001577a 4500 | ||
|---|---|---|---|
| 005 | 20251108174757.0 | ||
| 008 | 250721s2008 xx 000 0 ara d | ||
| 082 | 1 | 4 | _a153.8/دبل |
| 100 | 1 | _aدبليو داير، واين | |
| 245 | 1 | 0 | _aقوة العزيمة تعلم كيف تحقق زغباتك بطريقة خاصة / |
| 264 |
_bمكتبة جرير، _c2008. |
||
| 300 | _a287ص. | ||
| 650 | 1 | 7 | _aالارادة |
| 942 |
_2ddc _cBK |
||
| 999 |
_c117741 _d117741 |
||